000 01734nam a2200313 4500
001 117
003 OSt
005 20250331104427.0
008 250127b |||||||e |||| 00| 0 eng d
020 _a9788535908626
040 _bpor
041 _heng
_apor
082 _a920
_bJ95c
100 1 _a Jung Chang,
_d1952-
_9261
240 _aWild swans - Three daughters of China
245 _aCisnes selvagens -
_bTrês filhas da China /
_cJung Chang ; Tradução de Marcos Santarrita
260 _aSão Paulo
_bCompanhia das Letras
_c2006
300 _a647 p.
520 _aDos costumes ancestrais às violentas mudanças provocadas pela instauração do comunismo, Chang refaz a história de três gerações de mulheres de uma família que tenta preservar sua humanidade em meio à vertigem e ao horror da trajetória da China no século XX. Dos costumes ancestrais às violentas reviravoltas do comunismo, a China passou, em algumas décadas, por uma das mais radicais e amplas transformações já vistas na história da humanidade. Mergulhando nas memórias familiares de três gerações de mulheres, Cisnes selvagens é o relato verdadeiro, com todos os acentos do drama épico, de uma família que tenta preservar a própria humanidade em meio à vertigem e ao horror da trajetória da China neste século. "Um magnífico épico que traz à luz todo o lado humano da turbulenta história chinesa do século XX." - Chicago Tribune
650 0 _aLiteratura Chinesa
_9262
650 0 _aFatos Reais
_933
650 0 _aDrama
_918
650 0 _aHistória
_9116
650 0 _aPolitica
_9138
650 0 _aEmponderamento
_932
655 0 _aBiografia
_936
700 _aMarcos Santarrita
_eTradutor
_9193
942 _2ddc
_n0
_cBK
999 _c117
_d117